000 00576nam a22002297a 4500
003 UA-OsUOA
001 49200
007 ta
008 20070925b un ||||| |||| 00| 0 ukr d
100 _aСоболь В.
090 _a82.09
_bС54
942 _cBK
040 _aUA-OsUOA
_bukr
_cUA-OsUOA
_dUA-OsUOA
245 _aЗ глибини віків
300 _a185 с.
955 _a2
041 _aukr
080 _a82.09
260 _aК.
_bЗодіак-Еко
_c1995
650 7 _a82 Література. Літературознавство
_2UDC
999 _c335309
_d335309